[Event "Ruhrgebiet VK1 0708"]
[Site "Germany"]
[Date "2008.04.27"]
[Round "9.8"]
[White "Noeller, Dennis"]
[Black "Hoehn, Helmut"]
[Result "1/2-1/2"]
[WhiteElo "1661"]
[BlackElo "1708"]
[PlyCount "50"]
[EventDate "2007.09.16"]
[EventType "team"]
[EventRounds "9"]
[EventCountry "GER"]
[SourceTitle "EXT 2009"]
[Source "ChessBase"]
[SourceDate "2008.11.26"]
[SourceVersion "1"]
[SourceVersionDate "2008.11.26"]
[SourceQuality "1"]
[WhiteTeam "Gerthe"]
[BlackTeam "Oberhausen II"]
[WhiteTeamCountry "GER"]
[BlackTeamCountry "GER"]

1. e4 e6 2. d4 d5 3. Nd2 dxe4 4. Nxe4 Nd7 5. Nf3 Ngf6 6. Bg5 Be7 7. Nxf6+ Bxf6 8. Bxf6 Nxf6 9. Bd3 0-0 10. Qd2 b6 11. 0-0-0 Bb7 12. Rhg1 Qd6 13. h4 Be4 14. Bxe4 Nxe4 15. Qe3 Nf6 16. Ne5 Nd5 17. Qe4 f6 18. Nc4 Qf4+ 19. Qxf4 Nxf4 20. Rd2 Rf7 21. g3 Nd5 22. Re1 Re7 23. Rde2 Kf7 24. Ne3 Rd8 25. c3 Nxe3 1/2-1/2

[Event "Dortmund Sparkassen op-B"]
[Site "Dortmund"]
[Date "2006.08.06"]
[Round "9"]
[White "Bagusat, Thomas"]
[Black "Noeller, Dennis"]
[Result "0-1"]
[WhiteElo "1696"]
[BlackElo "1570"]
[PlyCount "48"]
[EventDate "2006.07.28"]
[EventType "swiss"]
[EventRounds "9"]
[EventCountry "GER"]
[SourceTitle "CBM 113 Extra"]
[Source "ChessBase"]
[SourceDate "2006.09.14"]
[SourceVersion "1"]
[SourceVersionDate "2006.09.14"]
[SourceQuality "1"]

1. c4 e5 2. Nc3 Nf6 3. g3 Nc6 4. Bg2 g6 5. e3 Bg7 6. Nge2 0-0 7. d4 d6 8. 0-0 Nd7 9. f4 f5 10. e4 exd4 11. Nb5 fxe4 12. Nexd4 Nc5 13. b4 Nxb4 14. Be3 c6 15. Nc3 d5 16. Rb1 Nbd3 17. cxd5 cxd5 18. Nce2 b6 19. a4 Ba6 20. Nb5 Bxb5 21. Bxc5 Bxa4 22. Qxa4 Nxc5 23. Qa2 Kh8 24. Rbd1 d4 0-1

[Event "Dortmund Sparkassen op-B"]
[Site "Dortmund"]
[Date "2006.08.04"]
[Round "7"]
[White "Noeller, Dennis"]
[Black "Wiesemann, Peter"]
[Result "1-0"]
[WhiteElo "1570"]
[BlackElo "1747"]
[PlyCount "71"]
[EventDate "2006.07.28"]
[EventType "swiss"]
[EventRounds "9"]
[EventCountry "GER"]
[SourceTitle "CBM 113 Extra"]
[Source "ChessBase"]
[SourceDate "2006.09.14"]
[SourceVersion "1"]
[SourceVersionDate "2006.09.14"]
[SourceQuality "1"]

1. e4 g6 2. d4 Bg7 3. Nc3 d6 4. f4 e6 5. Nf3 Ne7 6. Be3 0-0 7. Qd2 c6 8. 0-0-0 b5 9. e5 d5 10. Bd3 Nd7 11. Kb1 a5 12. g4 a4 13. h4 f5 14. h5 h6 15. hxg6 fxg4 16. Nh4 b4 17. Ne2 Qb6 18. f5 exf5 19. e6 Nf6 20. Nxf5 Nxf5 21. Bxf5 h5 22. Bh6 Bxh6 23. Qxh6 Qc7 24. Nf4 Qg7 25. Qg5 Ne4 26. Qxh5 Ng3 27. Qxg4 Nxf5 28. Rh7 Qf6 29. Nh5 Qxe6 30. g7 Re8 31. Rh8+ Kf7 32. g8Q+ Rxg8 33. Qxg8+ Ke7 34. Qd8+ Kf7 35. Qf8+ Kg6 36. Rg1+ 1-0

[Event "Dortmund Sparkassen op-B"]
[Site "Dortmund"]
[Date "2006.08.03"]
[Round "6"]
[White "Duschek, Guenter"]
[Black "Noeller, Dennis"]
[Result "1/2-1/2"]
[WhiteElo "1679"]
[BlackElo "1570"]
[PlyCount "31"]
[EventDate "2006.07.28"]
[EventType "swiss"]
[EventRounds "9"]
[EventCountry "GER"]
[SourceTitle "CBM 113 Extra"]
[Source "ChessBase"]
[SourceDate "2006.09.14"]
[SourceVersion "1"]
[SourceVersionDate "2006.09.14"]
[SourceQuality "1"]

1. d4 Nf6 2. Bf4 d5 3. Nf3 g6 4. c3 Bg7 5. e3 0-0 6. Bd3 Nbd7 7. Nbd2 b6 8. e4 dxe4 9. Nxe4 Bb7 10. Qc2 Nd5 11. Be3 h6 12. Bd2 Rc8 13. b4 c5 14. bxc5 bxc5 15. Rb1 Ba8 16. dxc5 1/2-1/2

[Event "Dortmund Sparkassen op-B"]
[Site "Dortmund"]
[Date "2006.08.01"]
[Round "4"]
[White "Schrimpl, Michael"]
[Black "Noeller, Dennis"]
[Result "1/2-1/2"]
[WhiteElo "1437"]
[BlackElo "1570"]
[PlyCount "78"]
[EventDate "2006.07.28"]
[EventType "swiss"]
[EventRounds "9"]
[EventCountry "GER"]
[SourceTitle "CBM 113 Extra"]
[Source "ChessBase"]
[SourceDate "2006.09.14"]
[SourceVersion "1"]
[SourceVersionDate "2006.09.14"]
[SourceQuality "1"]

1. c4 e5 2. Nc3 Nf6 3. Nf3 Nc6 4. g3 d6 5. Bg2 Be6 6. d3 d5 7. cxd5 Nxd5 8. 0-0 f6 9. a3 Qd7 10. Bd2 0-0-0 11. b4 h5 12. Ne4 g5 13. Qa4 Nb6 14. Qc2 g4 15. Nh4 Nd4 16. Qd1 Bb3 17. Qb1 Nxe2+ 18. Kh1 Qxd3 19. Qxd3 Rxd3 20. Be3 Bd5 21. Nxf6 Bxg2+ 22. Kxg2 Bg7 23. Ne4 Nc4 24. Nf5 Bf8 25. Rfe1 Nxe3+ 26. Nxe3 Nd4 27. Red1 Rxd1 28. Rxd1 Bh6 29. Nc4 Bg7 30. Kf1 Nf3 31. Kg2 a6 32. a4 Nd4 33. Rd3 Rf8 34. Ncd2 b6 35. Rc3 Kb7 36. a5 bxa5 37. bxa5 Ne6 38. Nb3 Ra8 39. h4 c6 1/2-1/2

[Event "Dortmund Sparkassen op-B"]
[Site "Dortmund"]
[Date "2006.07.28"]
[Round "2"]
[White "Beer, Markus"]
[Black "Noeller, Dennis"]
[Result "1/2-1/2"]
[WhiteElo "1763"]
[BlackElo "1570"]
[PlyCount "68"]
[EventDate "2006.07.28"]
[EventType "swiss"]
[EventRounds "9"]
[EventCountry "GER"]
[SourceTitle "CBM 113 Extra"]
[Source "ChessBase"]
[SourceDate "2006.09.14"]
[SourceVersion "1"]
[SourceVersionDate "2006.09.14"]
[SourceQuality "1"]

1. e4 e5 2. Nf3 Nf6 3. Bc4 Nxe4 4. Nc3 Nxc3 5. dxc3 f6 6. Nh4 g6 7. 0-0 d6 8. f4 f5 9. Nf3 Nc6 10. Ng5 Bg7 11. Nf7 Qf6 12. Nxh8 Bxh8 13. Be3 Be6 14. Bb5 Bd7 15. Qe2 a6 16. Ba4 0-0-0 17. Rad1 Re8 18. Qd2 exf4 19. Bxf4 Re4 20. Bb3 Ne7 21. Rde1 Bc6 22. Bg5 Qf8 23. Qd3 Rxe1 24. Rxe1 Be4 25. Qh3 Kb8 26. Qxh7 Bf6 27. Bh6 Qe8 28. Bf7 Qb5 29. Bxg6 Qb6+ 30. Be3 Qxb2 31. Bf2 Qxc3 32. Qf7 b6 33. Re3 Qa1+ 34. Re1 Qe5 1/2-1/2

[Event "Dortmund op-B"]
[Site "Dortmund"]
[Date "2005.07.17"]
[Round "9"]
[White "Beer, Markus"]
[Black "Noeller, Dennis"]
[Result "1-0"]
[WhiteElo "1664"]
[BlackElo "1444"]
[PlyCount "69"]
[EventDate "2005.07.08"]
[EventType "swiss"]
[EventRounds "9"]
[EventCountry "GER"]
[SourceTitle "CBM 107 Extra"]
[Source "ChessBase"]
[SourceDate "2005.09.01"]
[SourceVersion "1"]
[SourceVersionDate "2005.09.01"]
[SourceQuality "1"]

1. e4 e5 2. Nf3 Nf6 3. Bc4 Nxe4 4. Nc3 Nf6 5. Nxe5 d5 6. Bb3 c6 7. 0-0 Bd6 8. Re1 0-0 9. d4 h6 10. Ne2 Nbd7 11. Ng3 Nb6 12. c3 Be6 13. Qd3 Nh7 14. Bc2 f5 15. Nxc6 Qf6 16. Ne5 Ng5 17. Nh5 Qd8 18. Nf4 Bc8 19. f3 Ne6 20. Bd2 Bxe5 21. Rxe5 Nxf4 22. Bxf4 Nc4 23. Re2 Nxb2 24. Qb5 Nc4 25. Rae1 Na3 26. Qc5 Nxc2 27. Rxc2 Kh8 28. Rce2 b6 29. Qc6 Ba6 30. Re7 Rc8 31. Qg6 Rg8 32. Bxh6 Qf8 33. Rf7 Qxf7 34. Qxf7 gxh6 35. Re7 1-0

[Event "Dortmund op-B"]
[Site "Dortmund"]
[Date "2005.07.12"]
[Round "5"]
[White "Kemmer, Josef"]
[Black "Noeller, Dennis"]
[Result "0-1"]
[WhiteElo "1557"]
[BlackElo "1444"]
[PlyCount "103"]
[EventDate "2005.07.08"]
[EventType "swiss"]
[EventRounds "9"]
[EventCountry "GER"]
[SourceTitle "CBM 107 Extra"]
[Source "ChessBase"]
[SourceDate "2005.09.01"]
[SourceVersion "1"]
[SourceVersionDate "2005.09.01"]
[SourceQuality "1"]

1. c4 e5 2. g3 Nf6 3. Bg2 g6 4. d3 Bg7 5. Bd2 0-0 6. Nc3 Nc6 7. Qc1 Re8 8. Bg5 Ne7 9. Nf3 d6 10. 0-0 c6 11. h3 Bd7 12. Kh2 Be6 13. Nd2 h6 14. Bxf6 Bxf6 15. Nde4 Bg7 16. c5 Nc8 17. cxd6 Nxd6 18. Nxd6 Qxd6 19. Ne4 Qc7 20. Nc5 Bc8 21. Qc4 Bf8 22. Ne4 Qe7 23. Rac1 Be6 24. Qc3 f5 25. Nd2 Bg7 26. Qc2 Red8 27. b3 Rd7 28. Rcd1 Rad8 29. Nc4 f4 30. e3 Qg5 31. Qe2 Bf5 32. e4 Be6 33. Bf3 h5 34. h4 Qe7 35. Rh1 Rd4 36. Kg2 Qd7 37. Nb2 Bf8 38. Nc4 Bg7 39. Nb2 b5 40. Rc1 Bh6 41. Rc5 Qc7 42. g4 Bf8 43. Rcc1 Ba3 44. gxh5 Bxb2 45. hxg6 Bxc1 46. h5 Qg7 47. Rxc1 R8d6 48. Bg4 Qh6 49. Bf5 Bxf5 50. exf5 f3+ 51. Qxf3 Qxc1 52. Qe3 0-1